Valuing sustainable buildings (Record no. 83572)

MARC details
000 -LEADER
fixed length control field 01609cad a22002415a 4500
001 - CONTROL NUMBER
control field L154315
008 - FIXED-LENGTH DATA ELEMENTS--GENERAL INFORMATION
fixed length control field 111111s2011 xxk 000 0 eng d
035 ## - SYSTEM CONTROL NUMBER
System control number (Sirsi) u154315
041 0# - LANGUAGE CODE
Language code of text/sound track or separate title eng
100 1# - MAIN ENTRY--PERSONAL NAME
Personal name Creamer, Mark
245 00 - TITLE STATEMENT
Title Valuing sustainable buildings
Remainder of title green assets, the role of professional valuers, and assembling an evidence base
Medium [electronic resource]
260 ## - PUBLICATION, DISTRIBUTION, ETC.
Place of publication, distribution, etc. London
Name of publisher, distributor, etc. CBRE
Date of publication, distribution, etc. 2011
490 #0 - SERIES STATEMENT
Series statement CB Richard Ellis EMEA ViewPoint
Volume/sequential designation Q3 2011 November 2011, 1-6(6)
520 ## - SUMMARY, ETC.
Summary, etc. Investors and occupiers are increasingly recognising that commercial benefits can flow from many of the measures taken to enhance sustainability with some evidence that sustainable buildings are more marketable, requiring less energy than otherwise comparable property. The valuation profession must now consider how and in what way to reflect the commercial benefits in valuations. Although in the foreseeable future a building's sustainability rating will not result in automatic percentage changes in value, nuanced developments over time will see commercial benefits more closely reflected in valuations.
590 ## - LOCAL NOTE (RLIN)
Local note NTK KA
650 24 - SUBJECT ADDED ENTRY--TOPICAL TERM
Topical term or geographic name entry element CB RICHARD ELLIS EMEA VIEWPOINT
651 #4 - SUBJECT ADDED ENTRY--GEOGRAPHIC NAME
Geographic name United Kingdom
Chronological subdivision
690 ## - LOCAL SUBJECT ADDED ENTRY--TOPICAL TERM (OCLC, RLIN)
Topical term or geographic name as entry element PROPERTY-COMMERCIAL PROPERTY-COMMERCIAL PROPERTY VALUATION AND APPRAISAL
690 ## - LOCAL SUBJECT ADDED ENTRY--TOPICAL TERM (OCLC, RLIN)
Topical term or geographic name as entry element PROPERTY-COMMERCIAL PROPERTY-COMMERCIAL PROPERTY MARKET
700 1# - ADDED ENTRY--PERSONAL NAME
Personal name Symes-Thompson, John
856 40 - ELECTRONIC LOCATION AND ACCESS
Uniform Resource Identifier <a href="https://www.cbre.co.uk/portal/page/portal/uk_en/research">https://www.cbre.co.uk/portal/page/portal/uk_en/research</a>
Public note View the report free of charge (type valuing sustainable in the keyword box and click on search) at www.cbre.co.uk
942 ## - ADDED ENTRY ELEMENTS (KOHA)
Suppress in OPAC 0
Holdings
Withdrawn status Lost status Source of classification or shelving scheme Damaged status Not for loan Home library Current library Shelving location Date acquired Total Checkouts Full call number Barcode Date last seen Copy number Price effective from Koha item type
    Dewey Decimal Classification     Virtual Virtual Online 13/11/2011   ONLINE PUBLICATION 154315-2001 06/08/2019 1 06/08/2019 Book